লোডিং...

The Living Aquarium

গ্রন্থ-পঞ্জীর বিবরন
প্রধান লেখক: Peter Hunnam
ভাষা:English
প্রকাশিত: Sweden Nordbok
LEADER 00264nam a22001097a 4500
005 20151028162410.0
008 100605t xxu||||| |||| 00| 0 eng d
100 |a Peter Hunnam  |9 27928 
245 |a The Living Aquarium 
942 |c REF  |6 _ 
260 |a Sweden  |b Nordbok 
999 |c 81605  |d 81605